AH International Schools' Libraries

Sherlock Holmes: The Reigate Squires / (Record no. 49974)

MARC details
000 -LEADER
fixed length control field 00936nam a2200145 4500
020 ## - INTERNATIONAL STANDARD BOOK NUMBER
International Standard Book Number 9781782264149
100 ## - MAIN ENTRY--PERSONAL NAME
Personal name Doyle, Arthur Conan, Sir,
Relator term author.
9 (RLIN) 87029
245 ## - TITLE STATEMENT
Title Sherlock Holmes: The Reigate Squires /
Statement of responsibility, etc written by Sir Arthur Conan Doyle.
260 ## - PUBLICATION, DISTRIBUTION, ETC. (IMPRINT)
Place of publication, distribution, etc United Kingdom;
Name of publisher, distributor, etc Sweet Cherry Publishing:
Date of publication, distribution, etc September 26, 2019.
300 ## - PHYSICAL DESCRIPTION
Extent 61 pages.
490 ## - SERIES STATEMENT
Series statement Sherlock Holmes
520 ## - SUMMARY, ETC.
Summary, etc Keen to help his friend recover from a particularly stressful case, Watson arranges for them to visit a friend in the country. But after a robbery baffles the local police, Holmes is drawn into a web of lies, blackmail and murder.<br/>It's up to him to identify the villains if he survives the case, that is ...<br/><br/>A simplification of Arthur Conan Doyle's Sherlock Holmes, perfect for young fans of mystery books. A great introduction to classics for children aged 7+.<br/>
650 ## - SUBJECT ADDED ENTRY--TOPICAL TERM
9 (RLIN) 85970
Topical term or geographic name as entry element Criminal investigation
Form subdivision Fiction
942 ## - ADDED ENTRY ELEMENTS (KOHA)
Source of classification or shelving scheme
Koha item type Book
Holdings
Withdrawn status Lost status Source of classification or shelving scheme Damaged status Not for loan Home library Current library Date acquired Total Checkouts Full call number Barcode Date last seen Date checked out Price effective from Koha item type
          Logos International School Logos International School 12/11/2025 1 CB FIC DOY 100125 01/19/2026 01/12/2026 12/11/2025 Book

For any Logos Library related questions please contact Miss Art at swongnarasuk@asianhope.org.

For any Asian Hope Library related questions please contact Miss Raza at graza@asianhope.org.

Powered by Koha